[Event "RM-2021-0-00244"]
[Site "LSS email"]
[Date "2021.08.25"]
[Round "?"]
[White "Carralero Rodriguez, Ivan"]
[Black "Eman, Juan"]
[Result "1-0"]
[WhiteElo "2245"]
[BlackElo "2189"]
[PlyCount "59"]
[EventDate "2021.04.25"]
[EventType "tourn (corr)"]
[EventRounds "6"]
[EventCountry "GER"]
[SourceTitle "Corr 2024"]
[Source "ChessBase"]
[SourceDate "2023.10.19"]
[SourceVersion "1"]
[SourceVersionDate "2023.10.19"]
[SourceQuality "1"]

1. e4 c5 2. Ne2 d6 3. g3 Nf6 4. Bg2 g6 5. 0-0 Bg7 6. c3 0-0 7. h3 Bd7 8. d4 Qc8 9. Kh2 Nc6 10. Na3 b6 11. d5 Nd8 12. f4 Rb8 13. g4 b5 14. Nc2 a5 15. Bd2 Nb7 16. c4 a4 17. Ne3 Qc7 18. Qe1 h6 19. Rb1 b4 20. Bf3 Na5 21. h4 Nh7 22. g5 hxg5 23. hxg5 e5 24. f5 Nxg5 25. Ng3 a3 26. b3 Qd8 27. Kg2 Nxf3 28. Kxf3 g5 29. f6 Qxf6+ 30. Nef5 1-0

[Event "RM-2021-0-00244"]
[Site "LSS email"]
[Date "2021.08.25"]
[Round "?"]
[White "Ploscaru, Stelian"]
[Black "Carralero Rodriguez, Ivan"]
[Result "1/2-1/2"]
[WhiteElo "2309"]
[BlackElo "2245"]
[PlyCount "25"]
[EventDate "2021.04.25"]
[EventType "tourn (corr)"]
[EventRounds "6"]
[EventCountry "GER"]
[SourceTitle "Corr 2024"]
[Source "ChessBase"]
[SourceDate "2023.10.19"]
[SourceVersion "1"]
[SourceVersionDate "2023.10.19"]
[SourceQuality "1"]

1. d4 Nf6 2. c4 e6 3. Nf3 d5 4. Nc3 c6 5. Bg5 h6 6. Bxf6 Qxf6 7. e3 Nd7 8. Be2 Be7 9. 0-0 0-0 10. Rc1 Rd8 11. a3 g5 12. Qc2 h5 13. h3 1/2-1/2